| 000 | 00942nam a22003257a 4500 | ||
|---|---|---|---|
| 001 | BR8206444 | ||
| 003 | BR-BrBNA | ||
| 005 | 20230928091512.0 | ||
| 007 | ta | ||
| 008 | 230509b bl.||||| |||| 00| 0 por d | ||
| 040 |
_aBR-BrBNA _bpor _cBiblioteca Nacional de Agricultura |
||
| 041 | _a(Por) | ||
| 072 |
_aE10 _b/G514 |
||
| 090 | _ E10 BR8206444 | ||
| 100 | 1 | _aLeao, A.C. | |
| 100 | 1 | _aMendonca, J.R. | |
| 100 | 1 | _aBarbosa, C.A. | |
| 100 | 1 | _aAssis, A.D.A. | |
| 110 | 1 | _aCentro de Pesquisas do Cacau, Ilheus, BA (Brasil). Div. de Geociencias | |
| 245 | 1 | _aCadastro de imoveis rurais e levantamento do uso atual da terra em municipios da regiao cacaueira baiana [Brasil] | |
| 260 | 3 |
_aIlheus, BA (Brasil): _c1982. |
|
| 300 | _a168 p. | ||
| 650 | _aCACAU | ||
| 650 | _aCADASTRO RURAL | ||
| 650 | _aPROPRIEDADE RURAL | ||
| 650 | _aUSO DA TERRA | ||
| 650 | _aBAHIA | ||
| 909 |
_a202309 _bLucia _c55 _dLucia Elande |
||
| 942 | _cBK | ||
| 999 |
_c34145 _d34145 |
||